Right turn in Indian polity : (Record no. 138258)

MARC details
000 -LEADER
fixed length control field 00685nam a22002057a 4500
005 - DATE AND TIME OF LATEST TRANSACTION
control field 20170314164610.0
010 ## - LCCN (DPL NO)
LC control number ENG-117480
020 ## - INTERNATIONAL STANDARD BOOK NUMBER
International Standard Book Number 9788124118887
Terms of availability 695.00
035 ## - SYSTEM CONTROL NUMBER
System control number EN-101012
037 ## - SOURCE OF ACQUISITION
Source of stock number/acquisition DBAD/PUB
082 ## - DEWEY DECIMAL CLASSIFICATION NUMBER
Classification number 324.9540532
100 ## - MAIN ENTRY--PERSONAL NAME
Personal name Yogesh Atal
245 ## - TITLE STATEMENT
Title Right turn in Indian polity :
Statement of responsibility, etc by Yogesh Atal [and] Sunil K. Chaudhary
Remainder of title Modi on BJP's chariot /
260 ## - PUBLICATION, DISTRIBUTION, ETC. (IMPRINT)
Place of publication, distribution, etc New Delhi
Name of publisher, distributor, etc Har-Anand Publications
Date of publication, distribution, etc 2015
270 ## - ADDRESS
Address E-49/3,okhla Industrial Area,Phase-II
City New Delhi
Postal code 110020
300 ## - PHYSICAL DESCRIPTION
Extent 248p..
Other physical details 22cm(pbk)
500 ## - GENERAL NOTE
General note Included bibliographical references
700 ## - ADDED ENTRY--PERSONAL NAME
Personal name Chaudhary, Sunil K.
942 ## - ADDED ENTRY ELEMENTS (KOHA)
Source of classification or shelving scheme Dewey Decimal Classification
Item type English Books
Classification part 324.9540532
Call number suffix YOG
Holdings
Withdrawn status Lost status Not for loan Collection code Home library Current library Date acquired Source of acquisition Cost, normal purchase price Full call number Barcode Copy number Cost, replacement price Koha item type
    Not For Loan Non-fiction D.B.Act.Division Bawana 14/03/2017 DBAD/PUB 0.00 324.9540532 YOG EN-101012 1 695.00 English Books

© Delhi Public Library
Hit Counter
free hit counter